| 000 | 01295nam a22002537a 4500 | ||
|---|---|---|---|
| 008 | 161128b xxu||||| |||| 00| 0 eng d | ||
| 020 | _a9780071545877 | ||
| 050 |
_aTK5105.88 _b.B35 2009 |
||
| 100 | _a Baker, Donna L., 1955- | ||
| 245 |
_aHow to do everything. Microsoft Expression Web 2 / _cDonna L. Baker, Rick Leinecker |
||
| 246 | _a Microsoft Expression Web 2 | ||
| 260 |
_aNew York : _bMcGraw-Hill, _c2009 |
||
| 300 |
_axix, 341, 22 p. : _bill. (some col.) ; _c23 cm |
||
| 440 | _aHow to do everything | ||
| 500 | _a Includes index | ||
| 520 | _a "Build dynamic, standards-based web sites ; learn to use CSS and XHTML ; master the program's powerful features" --Cover, p.1 | ||
| 520 | _aSeparate 22 p. "spotlight section profiles a web site development workflow," "Cafe Margo," [Located between p. 172-173] | ||
| 538 | _aMost downloadable files for examples or projects in the book are found on the publisher's website through a link for the specific title. A few specific files mentioned in particular chapters are available from rickleinecker.com, the co-author's website | ||
| 630 | _eMicrosoft Expression Web | ||
| 650 |
_aWeb sites _xAuthoring programs |
||
| 650 | _aWeb site development | ||
| 700 | _aLeinecker, Richard C | ||
| 942 |
_2lcc _cBK |
||
| 999 |
_c47470 _d47470 |
||